=LDR 00000nam 2200000 4500 =001 000288 =990 ##$$a TBM202500097 =990 ##$$a TBM202500097 =005 20250710010749 =035 ##$$a 0010-0725000132 =007 ta =008 250710################a##########0#ind## =020 ##$$a 978-623-472-190-4 =082 ##$$a 398.209 598 =084 ##$$a 398.209 598 ROB s =100 #$$a Roberts, Ann =245 1#$$a Siapa Dia? /$c Ann Roberts, Kate Sidley =250 ##$$a Cetakan Pertama =260 ##$$a Jakarta Timur :$b Badan Pengembangan dan Pembinaan Bahasa,$c 2024 =300 ##$$a 24 hlm. : $b ilus. ; $c 22,9 cm =650 #4$$a Cerita Anak Indonesia-Terjemahan =650 #4$$a Literasi-Bahan Bacaan =700 #$$a Sidley, Kate =856 ##$$a TBM As Suhada